000 00875nam a22002777a 4500
001 BR9104037
003 BR-BrBNA
005 20230928093634.0
007 ta
008 230509b bl.||||| |||| 00| 0 por d
040 _aBR-BrBNA
_bpor
_cBiblioteca Nacional de Agricultura
041 _a(Por)
072 _aE14
_b/G514
090 _ E14 BR9104037
100 1 _aMatias, I.B.F.
100 1 _aCampos, M.N.M.
110 1 _aSecretaria de Estado da Agricultura, Pecuaria e Abastecimento, Belo Horizonte, MG (Brasil)
_98844
245 1 _aSintese do relatorio de monitoria das atividades dos orgaos do Sistema Estadual de Agricultura 1989
260 3 _aBelo Horizonte, MG (Brasil):
_c1990.
300 _a25 p.
650 _aPLANEJAMENTO AGRICOLA
650 _aDESENVOLVIMENTO AGRICOLA
650 _aMINAS GERAIS
909 _a202309
_bLucia
_c55
_dLucia Elande
942 _cBK
999 _c46172
_d46172